000 01733cam a22005534i 4500
001 u36485
003 PE-LiUPU
005 20250731180131.0
008 150625s2004 pe r 000 0 spa d
020 _a9972716929
035 _a(Sirsi) i9789972716928
040 _aPE-LiUPU
_bspa
_cPE-LiUPU
_erda
049 _aPRUA
082 0 4 _a519.2
_bM938p
_221
100 1 _aMoya C., Rufino,
_eautor.
245 1 0 _aProbabilidad e inferencia estadística /
_cRufino Moya C., Gregorio Saravia A.
250 _aSegunda Edición.
264 1 _aLima :
_bSan Marcos,
_c[1988].
300 _a807 páginas :
_bilustraciones ;
_c20.5 centímetros
336 _atext
_2rdacontent
337 _aunmediated
_2rdamedia
338 _avolume
_2rdacarrier
504 _aIncluye bibliografía.
505 0 _aProbabilidad -- Variable aleatoria -- Esperanza matemática -- Variables aleatorias bidimencionales -- Distribuciones discretas importantes -- Distribuciones continuas importantes -- Distribuciones muestrales. -- Estimación -- Prueba de hipótesis -- Bibliografía.
526 _aSEG44
526 _aSEG26
526 _aP159
526 _aP155
526 _aP154
526 _aP153
526 _aP150
526 _aP100
526 _aP31
526 _aP30
526 _aP26
526 _aP25
526 _aP24
526 _aP22
526 _aP15
526 _aP10
650 0 4 _a Variables aleatorias.
650 0 4 _aInferencia estadística.
650 0 4 _aProbabilidades.
700 1 _aSaravia A., Gregorio,
_eautor.
942 _2ddc
_cIEP
_n0
999 _c44562
_d44562
980 _81
_gALBERTO SANCHEZ Responsable de Automatización